01963 a2200277 4500003000400000005001700004008004100021010001700062020003800079020003500117040000600152082001000158100002300168245004000191250002100231260005400252300004000306490001800346500005800364505092800422650002301350650003301373856008201406856009101488856010601579OSt20180116192343.0120529t xxu||||| |||| 00| 0 eng d a 2005034807 a9781568985817 (pbk. : alk. paper) a1568985819 (pbk. : alk. paper) c000a701.81 aLeborg, Christian.10aVisual grammar /cChristian Leborg. a1st English ed. aNew York :bPrinceton Architectural Press,c2006. a95 p. :bill. (some col.) ;c22 cm.0 aDesign briefs aOriginally published: Norway : Abstrakt Forlag, 2004. aPoint-- Line-- Surface-- Volume-- Dimensions-- Format-- Abstract Structures-- Formal Structures -- Gradation-- Radiation-- Informal Structures -- Visual Distribution-- Invisible/Inactive Structures-- Structural Skeleton -- Concrete Objects -- Form-- Size -- Color -- Concrete Structures-- Visible Structures -- Active Structures-- Texture-- Activities -- Frequency/Rhythm-- Mirroring -- Mirroring against a Volume-- Rotation-- Upscaling/Downscaling-- Movement-- Path-- Direction-- Superordinated/Subordinated Movement-- Displacement-- Direction of Displacement-- Activities -- Repetition-- Mirroring -- Mirroring against a Volume-- Rotation-- Movement-- Path-- Superordinated/Subordinated Movement-- Displacement-- Direction of Displacement-- Relations -- Static -- Symmetry/Asymmetry-- Balance-- Groups -- Fine/Coarse-- Diffusion-- Direction-- Position-- Space-- Weight -- 0aVisual perception. 0aVisual communication in art.413Table of contents onlyuhttp://www.loc.gov/catdir/toc/ecip064/2005034807.html413Publisher descriptionuhttp://www.loc.gov/catdir/enhancements/fy0722/2005034807-d.html413Contributor biographical informationuhttp://www.loc.gov/catdir/enhancements/fy0738/2005034807-b.html